Microsoft Excel 2000 Formulas / (Record no. 105797)
[ view plain ]
| 000 -CABECERA | |
|---|---|
| campo de control de longitud fija | 00728nam a2200217 a 4500 |
| 005 - FECHA Y HORA DE LA ÚLTIMA TRANSACCIÓN | |
| campo de control | 20210223125401.0 |
| 008 - ELEMENTOS DE LONGITUD FIJA--INFORMACIÓN GENERAL | |
| campo de control de longitud fija | 040512s1999 mx r 000 0 spa d |
| 020 ## - NÚMERO INTERNACIONAL NORMALIZADO PARA LIBROS | |
| Número Internacional Estándar del Libro | 0764546090 |
| 035 ## - NÚMERO DE CONTROL DEL SISTEMA | |
| Número de control de sistema | UPN01000133646 |
| 049 ## - COLECCIÓN | |
| Colección | CG |
| 050 #4 - SIGNATURA TOPOGRÁFICA DE LA BIBLIOTECA DEL CONGRESO | |
| Número de clasificación | HF5548.4 M5.23 |
| Número de documento/Ítem | W3.5 |
| 100 1# - ASIENTO PRINCIPAL--NOMBRE PERSONAL | |
| Nombre de persona | Walkenbach, John |
| 245 10 - MENCIÓN DE TÍTULO | |
| Título | Microsoft Excel 2000 Formulas / |
| Mención de responsabilidad, etc. | John Walkenbach. |
| 260 ## - PUBLICACIÓN, DISTRIBUCIÓN, ETC. | |
| Lugar de publicación, distribución, etc. | New York : |
| Nombre del editor, distribuidor, etc. | M&T Books |
| Fecha de publicación, distribución, etc. | c1999. |
| 300 ## - DESCRIPCIÓN FÍSICA | |
| Extensión | 750 p. : |
| Otras características físicas | cuadros + |
| Material acompañante/anejo | 1 CD-ROM : son. ; 4 3/4 plg. |
| 500 ## - NOTA GENERAL | |
| Nota general | El CD-ROM, solicítalo en el Departamento de Documentación |
| 650 #4 - ASIENTO SECUNDARIO DE MATERIA - TERMINO TEMATICO | |
| Término de materia o nombre geográfico como elemento de entrada | EXCEL (ARCHIVO PARA COMPUTADORA) |
| 9 (RLIN) | 1072 |
| 650 #4 - ASIENTO SECUNDARIO DE MATERIA - TERMINO TEMATICO | |
| Término de materia o nombre geográfico como elemento de entrada | NEGOCIOS - |
| Subdivisión general | PROGRAMAS PARA COMPUTADORA |
| 9 (RLIN) | 291 |
| 650 #4 - ASIENTO SECUNDARIO DE MATERIA - TERMINO TEMATICO | |
| Término de materia o nombre geográfico como elemento de entrada | HOJAS DE CALCULO ELECTRONICAS |
| 9 (RLIN) | 292 |
| 905 ## - TIPO DE MATERIAL | |
| Tipo de material | Libro |
| Estado de retiro | Estado de pérdida | Fuente del sistema de clasificación o colocación | Estado dañado | No para préstamo | Código de colección | Localización permanente | Ubicación/localización actual | Ubicación en estantería | Total de préstamos | Clasificación | Código de barras | Fecha visto por última vez | Número de copia | Tipo de ítem Koha | Fecha de adquisición | Precio válido a partir de | Nota pública |
|---|---|---|---|---|---|---|---|---|---|---|---|---|---|---|---|---|---|
| Library of Congress Classification | Colección General | Bib. Gregorio Torres Quintero | Bib. Gregorio Torres Quintero | Planta baja | 9 | HF5548.4 M5.23 W3.5 | 226682 | 31/12/2020 | 1 | Libro | |||||||
| Library of Congress Classification | Materiales complementarios y otros recursos electrónicos | Bib. Gregorio Torres Quintero | Bib. Gregorio Torres Quintero | Mostrador de préstamo Planta baja | HF5548.4 M5.23 W3.5 | 337038 | 26/02/2024 | Disco Compacto | 26/02/2024 | 26/02/2024 | Solicítalo en el mostrador de préstamo |
